01372nam a22002537a 4500003000900000008004100009020003000050040001200080041001300092080001300105090002000118100002400138245004400162260002800206300001000234520056900244521003000813525005600843546001200899650005700911942001200968999001700980952012100997Uzh_bibl260525b |||||||| |||| 00| 0 ukr d a978-0-440-86507-0c100.00 bукр. 2engaeng a821(410) a821(410)bМ 83 a Morpurgo, Michael  aThe Last WolfhTextcil.Michael Foreman aLondonbDoubledayc2010 a92 s. aMichael Morpurgo has created a sweeping and dramatic story in the time of Bonnie Prince Charlie. This spellbinding tale is complemented perfectly by Michael Foreman's illustrations. Robbie McLeod and a wolf cub, both orphaned, venture far from their birthplace, a land of rebellious fighters and vicious redcoats. There is little constancy in Robbie's adventurous life, save for the companionship of his wolf. But when at last Robbie finds a place where he can peacefully make his home, he knows in his heart that the wolf must find his own natural home too . . . aДля підлітків aДля старшого шкільного віку aукр. aЛітературно-художне видання 2udccBK c18024d18024 00102udc4070aMBdDbMBdDd2026-04-23eПодарованіi80886l0o821(410)p19446r2026-06-01w2026-06-01yBK